Most Screen Time in Star Wars III: Revenge of the Sith - Statistics

General Stats
  • This quiz has been taken 120 times
  • The average score is 8 of 10
Answer Stats
Hint Answer % Correct
37.25 min Obi-Wan Kenobi
98%
24.75 min Palpatine/Darth Sidious
98%
52.75 min Anakin Skywalker
97%
18.25 min Padmé Amidala
96%
11.75 min Yoda
93%
5.25 min Mace Windu
92%
6 min General Grievous
79%
5 min R2-D2
73%
2.75 min C-3PO
72%
4.5 min Bail Organa
40%
No matching quizzes found
Score Distribution
Percent of People with Each Score
Percentile by Number Answered
Your Score History
You have not taken this quiz